00496 2200169 4500001002100000005001500021035002000036007000300056008003900059082000700098084001300105100001200118245011500130260004600245650002100291990001400312INLIS00000000000988120260413021009 a0010-0426000207ta260413 | | |  a81 a81 HER e0 aHERLINE1 aEVALUASI KINERJA MANAJEMEN LABKESMAS DALAM PENINGKATAN TATA MUTU DI LABORATURIUM KESEHATAN LAMANDAU /cHERLINE aPALANGKA RAYA :bPERPUSTAKAAN UMPR,c2026 4aEVALUASI KINERJA a238101557